banner koha

Flora do Espírito Santo: Micropholis (Sapotaceae-Chrysophylloideae) (Registro n. 331684)

MARC details
000 -LÍDER
fixed length control field 02764nab a2200241 i 4500
003 - CÓDIGO MARC DA AGÊNCIA CATALOGADORA
Campo de controle BR-BrBNA
005 - DATA E HORA DA ÚLTIMA ATUALIZAÇÃO
Campo de controle 20250523115740.0
008 - CAMPO DE TAMANHO FIXO
fixed length control field 250523b2017 bl.qr|pooa||| 00| 0 por |
040 ## - FONTE DA CATALOGAÇÃO
Agência catalogadora BR-BrBNA
Idioma da catalogação por
072 ## - CATEGORIA AGRIS
Código AGRIS F70
100 ## - ENTRADA PRINCIPAL - NOME PESSOAL
Nome pessoal Souza, Wenia de Oliveira
100 ## - ENTRADA PRINCIPAL - NOME PESSOAL
Nome pessoal Alves-Araújo, Anderson
245 ## - TÍTULO PRINCIPAL
Título principal Flora do Espírito Santo: Micropholis (Sapotaceae-Chrysophylloideae)
500 ## - NOTA GERAL
Nota geral Publicação on-line; 23 ref.; 1 table; 5 illus.; Summaries (En, Pt)
942 ## - ADDED ENTRY ELEMENTS (KOHA)
Koha item type Analítica
520 ## - NOTA DE RESUMO
Nota de conteúdo <br/><br/>Resumo<br/><br/>Neste trabalho são apresentados dados morfológicos, informações sobre distribuição geográfica e estado de<br/>conservação para as espécies do gênero Micropholis (Sapotaceae) nativas do Espírito Santo. Um total de cinco<br/>espécies de Micropholis foi encontrado: M. compta, M. crassipedicellata, M. gardneriana, M. guyanensis<br/>subsp. guyanensis e M. venulosa. Este número representa 100% das espécies ocorrentes na Mata Atlântica.<br/>Os caracteres mais importantes para a distinção das espécies são: nervura central sulcada ou não na face<br/>adaxial, nervuras secundárias espaçadas ou congestas entre si distinguíveis ou indistinguíveis das terciárias,<br/>indumento dos ramos jovens e forma da folha. Micropholis gardneriana constitui um novo registro para o<br/>Espírito Santo e Micropholis compta foi categorizada como Quase Ameaçada (NT).<br/><br/>Palavras-chave: Ericales, Mata Atlântica, neotrópicos, taxonomia.<br/><br/><br/><br/><br/>Abstract<br/><br/>Herein, we provide information about morphological data, geographic distribution and conservation status<br/>for native species of Micropholis from Espírito Santo state (ES), Brazil. A total of five species were found:<br/>M. compta, M. crassipedicellata, M. gardneriana, M. guyanensis subsp. guyanensis, and M. venulosa. They <br/>represent 100% of the known species of Micropholis from the Brazilian Atlantic rainforest. The most<br/>important characters for distinguishing the species are: type and color of indument on the young branches,<br/>leaf shape, midrib sunken or not on the upper leaf surface, distinguishable secondary veins from the tertiary<br/>ones. Micropholis gardneriana constitutes a new record for the Espírito Santo state. Amongst Micropholis<br/>species from ES, only Micropholis compta is considered as Near Threatened (NT).<br/><br/>Key words: Ericales, Atlantic rainforest, neotropics, taxonomy.
650 ## - ASSUNTO - THESAGRO
Cabeçalho tópico ou nome geográfico MATA ATLÂNTICA
650 ## - ASSUNTO - THESAGRO
Cabeçalho tópico ou nome geográfico TAXONOMIA
650 ## - ASSUNTO - THESAGRO
Cabeçalho tópico ou nome geográfico SAPOTACEAE
773 0# - ENTRADA ANALÍTICA
Host Biblionumber 709
Registro do item 350577
Imprenta Rio de Janeiro-RJ Jardim Botanico do Rio de Janeiro 1935
Outro identificador 2025-3195
Título Rodriguésia (Brazil)
ISSN 0370-6583; 2175-7860 on-line
Colação v. 68(5) p. 1871-1882; (2017)
Número de controle de registro BR2025001246
856 ## - ACESSO E ENDEREÇO ELETRÔNICO
Identificador uniforme de recurso - URI https://www.scielo.br/j/rod/a/cL9PJDgZySrPRYMVzZxsQ3f/?format=pdf&lang=pt

Nenhum exemplar disponível.

BINAGRI

Telefone: (61)3218-2567/2388/3357/2097 - binagri@agro.gov.br

Ministério da Agricultura e Pecuária , Esplanada dos Ministérios, Bloco D, Anexo B, Brasília/DF, CEP: 70.043-900